[Event "XVII Weekend C"]
[Site "Ceriano Laghetto ITA"]
[Date "2008.03.29"]
[Round "3"]
[White "Loi, Alberto"]
[Black "Grimoni, Alessandro"]
[Result "1-0"]
[WhiteElo "1481"]
[BlackElo "1575"]
[PlyCount "63"]
[EventDate "2008.03.28"]

1.d4 Nf6 2.c4 e6 3.Nf3 d5 4.e3 Nbd7 5.Bd3 c6 6.O-O Be7 7.Nc3 O-O 8.e4 dxe4
9.Bxe4 Nxe4 10.Nxe4 Nf6 11.Qc2 Nxe4 12.Qxe4 Bf6 13.Bf4 Be7 14.Rad1 f5 15.
Qe3 h6 16.Ne5 g5 17.Qh3 gxf4 18.Qxh6 Bf6 19.Qxf4 Bxe5 20.dxe5 Qe7 21.Rd3 
Bd7 22.Rg3+ Kf7 23.Qh6 Ke8 24.Rg7 Rf7 25.Qg6 Qf8 26.Rg8 Qxg8 27.Qxg8+ Rf8 
28.Qg6+ Ke7 29.Rd1 Rg8 30.Qf6+ Ke8 31.Rxd7 Kxd7 32.Qf7+ 1-0

[Event "XVII Weekend C"]
[Site "Ceriano Laghetto ITA"]
[Date "2008.03.29"]
[Round "3"]
[White "Marelli, Vittorio"]
[Black "De Maio, Fabio"]
[Result "1/2-1/2"]
[WhiteElo "1439"]
[BlackElo "1344"]
[PlyCount "75"]
[EventDate "2008.03.28"]

1.e4 c5 2.Nf3 d6 3.d4 cxd4 4.Nxd4 Nf6 5.Nc3 a6 6.Bd3 e6 7.O-O Be7 8.Re1 
Nbd7 9.Nf3 b5 10.b4 Bb7 11.e5 Bxf3 12.Qxf3 Nxe5 13.Qg3 Nxd3 14.cxd3 Nh5 
15.Qf3 g6 16.Bh6 Rc8 17.Rac1 Bg5 18.Bxg5 Qxg5 19.Qb7 O-O 20.Qxa6 Nf4 21.g3
Nxd3 22.Ne4 Ra8 23.Qxa8 Qxc1 24.Qxf8+ Kxf8 25.Rxc1 Nxc1 26.a3 Ne2+ 27.Kf1 
Nd4 28.Nxd6 Ke7 29.Ne4 f5 30.Nc3 Nc2 31.Nxb5 Kd7 32.a4 Nxb4 33.f4 Na6 34.
a5 Kc6 35.Nd4+ Kd5 36.Nf3 h6 37.h3 Kd6 38.g4 1/2-1/2

[Event "XVII Weekend C"]
[Site "Ceriano Laghetto ITA"]
[Date "2008.03.29"]
[Round "3"]
[White "Mondini, Francesco"]
[Black "Ruggeri, Igor"]
[Result "0-1"]
[WhiteElo "1448"]
[BlackElo "1366"]
[PlyCount "60"]
[EventDate "2008.03.28"]

1.e4 d6 2.Bc4 Nf6 3.Nc3 g6 4.d4 Bg7 5.Nf3 O-O 6.O-O c5 7.Bf4 cxd4 8.Bg5 
dxc3 9.bxc3 Nxe4 10.Re1 Nxg5 11.Nxg5 e6 12.Qf3 Qxg5 13.Re3 d5 14.Bb3 Nc6 
15.Rae1 Bd7 16.g3 Rac8 17.h4 Qf6 18.Qg4 Nb8 19.Rf3 e5 20.Rxf6 Bxg4 21.Rd6 
Rxc3 22.Rxd5 Be6 23.Rb5 Bxb3 24.cxb3 b6 25.Rd5 Nc6 26.Rd7 Rd8 27.Rc7 h6 
28.b4 Rdd3 29.b5 Nd4 30.Rxc3 Rxc3 0-1

[Event "XVII Weekend C"]
[Site "Ceriano Laghetto ITA"]
[Date "2008.03.29"]
[Round "3"]
[White "Moroni, Luca jr"]
[Black "Christen, Peter Walter"]
[Result "0-1"]
[WhiteElo "1461"]
[BlackElo "1430"]
[PlyCount "121"]
[EventDate "2008.03.28"]

1.d4 e6 2.e4 d5 3.e5 c5 4.c3 Nc6 5.Nf3 Bd7 6.Bb5 Nxe5 7.Bxd7+ Nxd7 8.O-O 
Ngf6 9.Bg5 Be7 10.Ne5 cxd4 11.cxd4 O-O 12.Nxd7 Nxd7 13.Bxe7 Qxe7 14.Nc3 
Rfc8 15.Re1 Qb4 16.Rb1 Rc4 17.a3 Qb6 18.Ne2 Rac8 19.b3 R4c6 20.Ng3 Nf6 21.
h3 Rc2 22.a4 Qb4 23.Re2 Rxe2 24.Nxe2 a6 25.Nf4 g6 26.Qe2 Rc6 27.Qe5 Nd7 
28.Qg5 f6 29.Qg4 f5 30.Qg5 Qf8 31.Re1 Qf7 32.Qd8+ Nf8 33.Qg5 Qg7 34.Rd1 h6
35.Qg3 g5 36.Ne2 Qc7 37.Qxc7 Rxc7 38.f4 Rc2 39.Kf1 Ng6 40.fxg5 hxg5 41.Re1
Kf7 42.g4 f4 43.Rc1 Rxc1+ 44.Nxc1 e5 45.dxe5 Nxe5 46.b4 Nc6 47.b5 axb5 48.
axb5 Nd4 49.b6 Ke6 50.Nd3 Kd6 51.Ke1 Kc6 52.Ne5+ Kxb6 53.Kd2 Kc5 54.Kc3 
Ne2+ 55.Kc2 Ng1 56.Nd3+ Kd4 57.Kd2 Nxh3 58.Ne1 Nf2 59.Nf3+ Kc4 60.Ne5+ Kd4
61.Nf3+ 0-1

[Event "XVII Weekend C"]
[Site "Ceriano Laghetto ITA"]
[Date "2008.03.29"]
[Round "3"]
[White "Rossini, Luca"]
[Black "Annoni, Tiziano"]
[Result "1-0"]
[WhiteElo "1560"]
[BlackElo "1407"]
[PlyCount "67"]
[EventDate "2008.03.28"]

1.d4 Nf6 2.c4 g6 3.Nc3 Bg7 4.Bg5 O-O 5.e4 d6 6.Bd3 Bg4 7.f3 Bd7 8.Nge2 Nc6
9.Qd2 a6 10.O-O-O Na7 11.g4 b5 12.h4 b4 13.Nb1 a5 14.h5 c5 15.hxg6 fxg6 
16.d5 Rb8 17.Bh6 e5 18.Bxg7 Kxg7 19.Qh6+ Kg8 20.Ng3 Rf7 21.g5 Ne8 22.Rdg1 
Qe7 23.Nf5 Qf8 24.Qh4 Kh8 25.Nh6 Rg7 26.Nf5 Rf7 27.Rg2 gxf5 28.exf5 Rg7 
29.f6 Nxf6 30.gxf6 Rf7 31.Bxh7 Rxf6 32.Bf5+ Rh6 33.Qxh6+ Qxh6+ 34.Rxh6# 
1-0

[Event "XVII Weekend C"]
[Site "Ceriano Laghetto ITA"]
[Date "2008.03.29"]
[Round "3"]
[White "Villa, Giorgio"]
[Black "Nava, Mario"]
[Result "0-1"]
[WhiteElo "1431"]
[BlackElo "1368"]
[PlyCount "92"]
[EventDate "2008.03.28"]

1.e4 c5 2.Nf3 e6 3.g3 Nc6 4.Nc3 g6 5.Bg2 Bg7 6.O-O Nge7 7.d3 O-O 8.Bg5 d6 
9.Qd2 Qa5 10.a3 Qb6 11.Rab1 Qa5 12.Bh6 Re8 13.Bxg7 Kxg7 14.d4 cxd4 15.Nxd4
e5 16.Nxc6 Nxc6 17.b4 Qd8 18.Nb5 Re6 19.c4 a6 20.Nc3 Re8 21.c5 Nd4 22.cxd6
Qxd6 23.Rfc1 Nf3+ 24.Bxf3 Qxd2 25.Nd5 Rb8 26.Rd1 Qg5 27.Ne3 Bh3 28.Bg2 
Bxg2 29.Kxg2 h6 30.h4 Qe7 31.Nd5 Qf8 32.Rbc1 a5 33.bxa5 Qxa3 34.Ra1 Qc5 
35.Rdc1 Qd4 36.f3 Qd2+ 37.Kg1 Ra8 38.Nc7 Rac8 39.Rd1 Qe3+ 40.Kg2 Qe2+ 41.
Kg1 Rxc7 42.Re1 Qxf3 43.Kh2 Rc2+ 44.Kh3 Qg2+ 45.Kg4 h5+ 46.Kg5 Qxg3# 0-1

[Event "XVII Weekend C"]
[Site "Ceriano Laghetto ITA"]
[Date "2008.03.30"]
[Round "4"]
[White "Bertuolo, Sergio"]
[Black "Ruggeri, Igor"]
[Result "0-1"]
[WhiteElo "1523"]
[BlackElo "1366"]
[PlyCount "70"]
[EventDate "2008.03.28"]

1.e4 d6 2.d4 Nf6 3.Nc3 g6 4.Be2 Bg7 5.Be3 O-O 6.Qd2 c5 7.dxc5 dxc5 8.Qxd8 
Rxd8 9.Bxc5 Nc6 10.Nf3 b6 11.Be3 Bb7 12.a3 Ng4 13.Bd2 Nge5 14.Nxe5 Bxe5 
15.Bd3 Nd4 16.f4 Bg7 17.O-O Nxc2 18.Bxc2 Rxd2 19.Rac1 Ba6 20.Rfd1 Bd4+ 21.
Kh1 Be3 22.Nd5 Rxd5 23.exd5 Bxc1 24.Rxc1 Rc8 25.Kg1 Bd3 26.Kf2 Rxc2+ 27.
Rxc2 Bxc2 28.Ke3 f6 29.h4 Bd1 30.g3 Kf8 31.Kd4 Ke8 32.b4 Kd7 33.Kc4 Be2+ 
34.Kd4 Kd6 35.Ke3 Bc4 0-1

[Event "XVII Weekend C"]
[Site "Ceriano Laghetto ITA"]
[Date "2008.03.30"]
[Round "4"]
[White "Cerusico, Carlo"]
[Black "Villa, Giorgio"]
[Result "1-0"]
[WhiteElo "1385"]
[BlackElo "1431"]
[PlyCount "70"]
[EventDate "2008.03.28"]

1.d4 d5 2.Nf3 Nf6 3.e3 Bf5 4.Be2 e6 5.O-O g6 6.Nh4 Be4 7.f3 Bf5 8.Nxf5 
exf5 9.a3 Bg7 10.Bd2 O-O 11.c4 c6 12.cxd5 cxd5 13.Bd3 Qd7 14.Re1 Re8 15.
Nc3 Nc6 16.Rc1 a6 17.Na4 Qd8 18.Nc5 Rb8 19.b4 Nd7 20.Nxb7 Rxb7 21.Rxc6 Nb6
22.Bxa6 Ra7 23.Bb5 Ree7 24.a4 Qb8 25.Qb3 Rad7 26.Rec1 Rc7 27.Rxc7 Rxc7 28.
Rxc7 Qxc7 29.Qc3 Nc4 30.Bxc4 Qxc4 31.b5 g5 32.a5 Bf6 33.b6 Be7 34.Qxc4 
dxc4 35.b7 Bd6 1-0

[Event "XVII Weekend C"]
[Site "Ceriano Laghetto ITA"]
[Date "2008.03.30"]
[Round "4"]
[White "Christen, Peter Walter"]
[Black "Lai, Daniela"]
[Result "1/2-1/2"]
[WhiteElo "1430"]
[BlackElo "1317"]
[PlyCount "63"]
[EventDate "2008.03.28"]

1.e4 e5 2.Nf3 Nc6 3.Bc4 Nf6 4.d3 Bc5 5.c3 d5 6.exd5 Nxd5 7.O-O O-O 8.b4 
Bb6 9.a4 a5 10.b5 Nce7 11.Nxe5 Be6 12.Ba3 f6 13.Nf3 Ng6 14.Bxf8 Kxf8 15.
Bxd5 Bxd5 16.c4 Bxf3 17.Qxf3 Rb8 18.Rd1 Qd4 19.Nd2 Ne5 20.Qg3 Nxd3 21.Ne4 
Re8 22.Qxd3 Rxe4 23.Qxd4 Bxd4 24.Re1 f5 25.Rad1 Bb6 26.Rxe4 fxe4 27.Re1 c6
28.Rxe4 cxb5 29.cxb5 Bc5 30.Kf1 b6 31.f4 Kf7 32.g3 1/2-1/2

[Event "XVII Weekend C"]
[Site "Ceriano Laghetto ITA"]
[Date "2008.03.30"]
[Round "4"]
[White "De Maio, Fabio"]
[Black "De Maio, Domenico"]
[Result "1-0"]
[WhiteElo "1344"]
[BlackElo "1371"]
[PlyCount "113"]
[EventDate "2008.03.28"]

1.e4 c6 2.d4 d5 3.Nc3 dxe4 4.Nxe4 Bf5 5.Ng3 Bg6 6.h4 h6 7.Nf3 Nd7 8.h5 Bh7
9.Bd3 Bxd3 10.Qxd3 e6 11.Bf4 Ngf6 12.O-O-O Qa5 13.Kb1 Nd5 14.Bd2 Qb6 15.
Rhe1 O-O-O 16.Ne5 Nxe5 17.Rxe5 Bd6 18.Re4 Rde8 19.Ne2 f5 20.Rh4 Qc7 21.g3 
Rhg8 22.Qf3 Be7 23.Rhh1 g5 24.hxg6 Rxg6 25.Nf4 Nxf4 26.Bxf4 Bd6 27.Bxh6 b6
28.Bf4 Bxf4 29.Qxf4 Rg7 30.Qxc7+ Rxc7 31.b3 Kb7 32.f3 Rg7 33.Rh3 Kc7 34.
Rg1 Kd6 35.c4 f4 36.g4 Rg5 37.Kb2 c5 38.Rd1 Kc6 39.Rh5 Rxh5 40.gxh5 Rh8 
41.d5+ Kd6 42.dxe6+ Kxe6 43.Rh1 Rh6 44.Kc3 Ke5 45.a3 Kf5 46.Kd3 Kg5 47.Ke4
Rxh5 48.Rxh5+ Kxh5 49.Kxf4 Kg6 50.Ke5 Kf7 51.Kf5 a6 52.a4 Ke7 53.Kg6 Kf8 
54.Kf6 a5 55.f4 Ke8 56.Kg7 Ke7 57.f5 1-0

[Event "XVII Weekend C"]
[Site "Ceriano Laghetto ITA"]
[Date "2008.03.30"]
[Round "4"]
[White "Lipari, Alberto"]
[Black "Mondini, Francesco"]
[Result "0-1"]
[WhiteElo "1506"]
[BlackElo "1448"]
[PlyCount "54"]
[EventDate "2008.03.28"]

1.d4 d5 2.c4 dxc4 3.Qa4+ Nc6 4.e3 Bd7 5.Qxc4 e6 6.a3 b5 7.Qc2 a6 8.b4 Nf6 
9.Nf3 Bd6 10.e4 e5 11.Bb2 exd4 12.Nxd4 Nxd4 13.Bxd4 Bf4 14.g3 Bh6 15.Bg2 
Be6 16.Bc3 Bc4 17.Nd2 Bd3 18.Qb2 Rc8 19.Rd1 Qe7 20.e5 Rd8 21.Bc6+ Kf8 22.
f4 Qe6 23.Bf3 Qb6 24.Nb3 Qe3+ 25.Be2 Ne4 26.Bd4 Rxd4 27.Qxd4 Qxd4 0-1

[Event "XVII Weekend C"]
[Site "Ceriano Laghetto ITA"]
[Date "2008.03.30"]
[Round "4"]
[White "Loi, Alberto"]
[Black "Galimberti, Matteo"]
[Result "1/2-1/2"]
[WhiteElo "1481"]
[BlackElo "1506"]
[PlyCount "96"]
[EventDate "2008.03.28"]

1.d4 d5 2.c4 e6 3.Nc3 Nf6 4.Nf3 Be7 5.Bg5 Nbd7 6.e3 O-O 7.Bd3 c5 8.O-O a6 
9.Qc2 dxc4 10.Bxc4 b5 11.Bd3 c4 12.Be4 Nxe4 13.Qxe4 Rb8 14.Bxe7 Qxe7 15.
Rfd1 Nf6 16.Qe5 Bb7 17.d5 Nxd5 18.Nxd5 Bxd5 19.Nd4 f6 20.Qh5 Qf7 21.Qxf7+ 
Kxf7 22.Rd2 e5 23.Nc2 Be4 24.Rad1 Bxc2 25.Rxc2 Ke6 26.Rcd2 Rfc8 27.Kf1 Rc7
28.e4 Rbb7 29.h3 Rd7 30.Ke2 Rxd2+ 31.Rxd2 Rd7 32.Rc2 Rd4 33.f3 Kd6 34.b4 
Rd3 35.Rb2 Kc6 36.Rc2 Kb6 37.a4 Rb3 38.axb5 Kxb5 39.Rd2 Rd3 40.Ra2 Rb3 41.
Ra5+ Kb6 42.Rd5 Rxb4 43.Rd7 c3 44.Kd3 c2 45.Kxc2 Rc4+ 46.Kb2 Rc7 47.Rd6+ 
Rc6 48.Rd7 Rc7 1/2-1/2

[Event "XVII Weekend C"]
[Site "Ceriano Laghetto ITA"]
[Date "2008.03.30"]
[Round "4"]
[White "Moroni, Luca jr"]
[Black "Gonella, Graziano"]
[Result "1-0"]
[WhiteElo "1461"]
[BlackElo "1260"]
[PlyCount "59"]
[EventDate "2008.03.28"]

1.e4 c5 2.Nf3 e6 3.c4 Nf6 4.e5 Ng8 5.Nc3 Nc6 6.Be2 d6 7.exd6 Bxd6 8.Ne4 
Be5 9.Nxe5 Nxe5 10.Nxc5 b6 11.Ne4 Ba6 12.b3 b5 13.cxb5 Bb7 14.d3 Qa5+ 15.
Bd2 Qxb5 16.Nd6+ Kf8 17.Nxb5 Bxg2 18.Rg1 Bf3 19.Bxf3 Nxd3+ 20.Ke2 Ne5 21.
Bxa8 g6 22.Bc3 f6 23.Bxe5 fxe5 24.Qd8+ Kg7 25.Nd6 Nf6 26.Qe7+ Kh6 27.Nf7+ 
Kg7 28.Nxh8+ Kh6 29.Qxf6 Kh5 30.Qg5# 1-0

[Event "XVII Weekend C"]
[Site "Ceriano Laghetto ITA"]
[Date "2008.03.30"]
[Round "4"]
[White "Nava, Mario"]
[Black "Annoni, Tiziano"]
[Result "0-1"]
[WhiteElo "1368"]
[BlackElo "1407"]
[PlyCount "74"]
[EventDate "2008.03.28"]

1.Nf3 Nc6 2.d4 Nf6 3.d5 Nb8 4.Nc3 c6 5.e4 d6 6.Bd3 g6 7.dxc6 Nxc6 8.Bc4 
Bg7 9.Bf4 O-O 10.O-O Nh5 11.Bg5 Bg4 12.a3 Ne5 13.h3 Bxf3 14.gxf3 Nxc4 15.
Bc1 Qd7 16.Kh2 Be5+ 17.f4 Nxf4 18.Bxf4 Bxf4+ 19.Kg2 e5 20.Rg1 Nb6 21.Qd3 
f5 22.Kf1 fxe4 23.Nxe4 Qf5 24.Qb3+ d5 25.Re1 Nc4 26.Qb5 Qxh3+ 27.Ke2 dxe4 
28.Qxc4+ Kh8 29.Qxe4 Qf5 30.Qg2 Qxc2+ 31.Kf1 Qd3+ 32.Re2 Rac8 33.Qg4 Rc2 
34.Rh1 Qd1+ 35.Kg2 Qxe2 36.Qh4 Qe4+ 37.Kf1 Rc1# 0-1

[Event "XVII Weekend C"]
[Site "Ceriano Laghetto ITA"]
[Date "2008.03.30"]
[Round "4"]
[White "Pensa, Lorenzo"]
[Black "Di Cicco, Daniela"]
[Result "0-1"]
[WhiteElo "1437"]
[BlackElo "1281"]
[PlyCount "102"]
[EventDate "2008.03.28"]

1.d4 d5 2.Bf4 Nf6 3.Nf3 h6 4.Nbd2 Bf5 5.e3 e6 6.Be2 Bd6 7.Be5 Nbd7 8.Bxf6 
Nxf6 9.O-O O-O 10.c3 Re8 11.Qb3 Rb8 12.Nh4 Bh7 13.Rac1 c6 14.c4 Qe7 15.
cxd5 Nxd5 16.e4 Qxh4 17.Nf3 Qxe4 18.Bd3 Qxd3 19.Qxd3 Bxd3 20.Rfd1 Be2 21.
Re1 Bxf3 22.gxf3 Nf4 23.Re4 Nd3 24.Rd1 Nxb2 25.Rf1 f5 26.Rh4 Be7 27.Rh3 
Nd3 28.Kh1 Bd6 29.Kg2 Nf4+ 30.Kg3 Nxh3+ 31.Kxh3 Re7 32.Rg1 Kh7 33.Rh1 Rbe8
34.Kh4 e5 35.dxe5 Bxe5 36.h3 Bd4 37.Rf1 Re2 38.Kg3 Rxa2 39.h4 h5 40.f4 
Ra3+ 41.f3 Re2 42.Rb1 Bf2+ 43.Kg2 Bxh4+ 44.Kf1 Rf2+ 45.Kg1 Rfxf3 46.Kg2 
Rf2+ 47.Kg1 Raa2 48.Kh1 Rh2+ 49.Kg1 Rag2+ 50.Kf1 Rb2 51.Re1 Rh1# 0-1

[Event "XVII Weekend C"]
[Site "Ceriano Laghetto ITA"]
[Date "2008.03.30"]
[Round "4"]
[White "Veri', Giustino"]
[Black "Rossini, Luca"]
[Result "1/2-1/2"]
[WhiteElo "1473"]
[BlackElo "1560"]
[PlyCount "68"]
[EventDate "2008.03.28"]

1.Nf3 c5 2.b3 d6 3.g3 g6 4.Bb2 Nf6 5.Bg2 Bg7 6.O-O O-O 7.d3 Nc6 8.e4 Bg4 
9.Nbd2 Qd7 10.a3 b5 11.Qe1 Rfe8 12.e5 Nh5 13.Rb1 Rad8 14.Ne4 Bxf3 15.Bxf3 
Bxe5 16.Nxc5 dxc5 17.Bxe5 f6 18.Bxc6 Qxc6 19.Bb2 Qf3 20.Qe6+ Kf8 21.Qa6 
Qg4 22.Qxb5 Nf4 23.f3 Qg5 24.Rbe1 Nh3+ 25.Kh1 Qd2 26.Qxc5 Rc8 27.Qe3 Rxc2 
28.Qxd2 Rxd2 29.Bc1 Rxd3 30.Kg2 Ng5 31.Re3 Red8 32.Rfe1 R8d7 33.Rxd3 Rxd3 
34.Bxg5 fxg5 1/2-1/2

[Event "XVII Weekend C"]
[Site "Ceriano Laghetto ITA"]
[Date "2008.03.30"]
[Round "4"]
[White "Vuckovic, Dimitrije"]
[Black "Marelli, Vittorio"]
[Result "0-1"]
[WhiteElo "1425"]
[BlackElo "1439"]
[PlyCount "88"]
[EventDate "2008.03.28"]

1.d4 d5 2.c4 e6 3.Nc3 Bb4 4.e3 Nc6 5.Nf3 Nf6 6.Qc2 O-O 7.Bd3 Bxc3+ 8.Qxc3 
Ne4 9.Bxe4 dxe4 10.Nd2 f5 11.b3 Qe7 12.Bb2 Qb4 13.O-O Qxc3 14.Bxc3 Re8 15.
Rad1 a6 16.c5 b5 17.cxb6 cxb6 18.Nc4 b5 19.Nd2 a5 20.a3 a4 21.Bb2 Kf7 22.
b4 Bb7 23.Rc1 Rad8 24.Rc5 Rd5 25.Rfc1 Rc8 26.Nf1 Ne7 27.Ng3 Rcxc5 28.bxc5 
Nc6 29.Bc3 e5 30.Nxf5 exd4 31.Nxd4 Rxc5 32.Ne2 Rc4 33.Rb1 Ba6 34.Kf1 Rc5 
35.Ke1 Kg6 36.Nf4+ Kf7 37.Kd2 Ne5 38.Bxe5 Rxe5 39.Rb4 g5 40.Ne2 Rf5 41.Ke1
Rc5 42.Kd2 Rc4 43.Rxc4 bxc4 44.Nd4 Kf6 0-1

[Event "XVII Weekend C"]
[Site "Ceriano Laghetto ITA"]
[Date "2008.03.30"]
[Round "5"]
[White "Annoni, Tiziano"]
[Black "Grimoni, Alessandro"]
[Result "0-1"]
[WhiteElo "1407"]
[BlackElo "1575"]
[PlyCount "110"]
[EventDate "2008.03.28"]

1.e4 e5 2.Nf3 Nc6 3.Bc4 Nf6 4.O-O Be7 5.d4 exd4 6.e5 Ne4 7.Bd5 Nc5 8.Nxd4 
Nxe5 9.Re1 d6 10.Nc3 c6 11.Be4 O-O 12.Nf5 Nxe4 13.Nxe7+ Qxe7 14.Nxe4 d5 
15.f4 Ng4 16.h3 dxe4 17.hxg4 f5 18.Qd4 Rd8 19.Qe3 Be6 20.Bd2 fxg4 21.Bc3 
Bf5 22.Kf2 a6 23.Rh1 Rd5 24.Rh2 Rad8 25.Rah1 Qc5 26.Qxc5 Rxc5 27.Ke3 Rcd5 
28.Rh5 Bg6 29.Rxd5 Rxd5 30.g3 a5 31.a3 a4 32.Re1 c5 33.Be5 Kf7 34.Rh1 h6 
35.Re1 Bf5 36.Rh1 Kg6 37.Bc3 h5 38.Be5 Kh6 39.Bc3 g5 40.Be5 gxf4+ 41.Bxf4+
Kg6 42.Rh2 Rd1 43.Be5 b5 44.Bc3 Rg1 45.Kf2 Rb1 46.Ke3 b4 47.axb4 cxb4 48.
Bxb4 Rxb2 49.Ba3 Rb1 50.Rd2 Re1+ 51.Kf4 Rf1+ 52.Ke5 e3 53.Rd6+ Kh7 54.Rf6 
e2 55.Rxf5 e1=Q+ 0-1

[Event "XVII Weekend C"]
[Site "Ceriano Laghetto ITA"]
[Date "2008.03.30"]
[Round "5"]
[White "Di Cicco, Daniela"]
[Black "Lipari, Alberto"]
[Result "0-1"]
[WhiteElo "1281"]
[BlackElo "1506"]
[PlyCount "108"]
[EventDate "2008.03.28"]

1.d4 Nf6 2.Nf3 e6 3.h3 d5 4.Bf4 Nc6 5.c3 Bd6 6.Ne5 Nxe5 7.dxe5 Bc5 8.exf6 
Qxf6 9.Bg3 e5 10.Qxd5 Bd6 11.e3 c6 12.Qf3 Qe6 13.Qd1 O-O 14.Be2 b5 15.Nd2 
Bb7 16.Nf3 Rad8 17.O-O h6 18.Qc2 f5 19.Qb3 Qxb3 20.axb3 f4 21.exf4 exf4 
22.Bh2 a6 23.Rfd1 g5 24.b4 Rfe8 25.Rd2 Re6 26.c4 Rde8 27.Kf1 Bxb4 28.Rd7 
Bc8 29.Nd4 Bxd7 30.Nxe6 Bxe6 31.cxb5 cxb5 32.Rxa6 Bc4 33.Bxc4+ bxc4 34.Ra1
Bc5 35.Re1 Rb8 36.Rb1 Bd4 37.Rc1 Rb4 38.f3 Bxb2 39.Rb1 c3 40.Ke2 c2 41.Rf1
c1=Q 42.Rxc1 Bxc1 43.Bg1 Rb2+ 44.Kf1 Be3 45.Bh2 Kg7 46.Bg1 Kg6 47.Bxe3 
fxe3 48.Kg1 Kf5 49.g3 Rf2 50.f4 gxf4 51.gxf4 Kxf4 52.h4 Kf3 53.h5 e2 54.
Kh1 e1=Q# 0-1

[Event "XVII Weekend C"]
[Site "Ceriano Laghetto ITA"]
[Date "2008.03.30"]
[Round "5"]
[White "Gerosa, Ottavio"]
[Black "Veri', Giustino"]
[Result "0-1"]
[WhiteElo "1467"]
[BlackElo "1473"]
[PlyCount "61"]
[EventDate "2008.03.28"]

1.d4 Nf6 2.c4 g6 3.Nc3 d5 4.Bg5 Ne4 5.Nxe4 dxe4 6.e3 Bg7 7.Qc2 c6 8.b4 a5 
9.b5 h6 10.Bf4 g5 11.Bxb8 Rxb8 12.Qxe4 cxb5 13.cxb5 a4 14.Nf3 Qa5+ 15.Nd2 
O-O 16.Qd3 e5 17.Be2 exd4 18.e4 Qc3 19.O-O Qxd3 20.Bxd3 Be6 21.Nf3 Rfc8 
22.Rfd1 Bg4 23.h3 Bxf3 24.gxf3 Be5 25.a3 Rc3 26.Be2 d3 27.Bxd3 Rxd3 28.
Rxd3 Bxa1 29.Rd6 f6 30.Kg2 Be5 31.Kf1 0-1

[Event "XVII Weekend C"]
[Site "Ceriano Laghetto ITA"]
[Date "2008.03.30"]
[Round "5"]
[White "Lai, Daniela"]
[Black "De Maio, Domenico"]
[Result "0-1"]
[WhiteElo "1317"]
[BlackElo "1371"]
[PlyCount "94"]
[EventDate "2008.03.28"]

1.e4 c6 2.Nf3 d5 3.exd5 cxd5 4.d4 Nc6 5.Bb5 a6 6.Bxc6+ bxc6 7.O-O Bg4 8.
Qd3 Bxf3 9.Qxf3 e6 10.Nc3 Nf6 11.Bg5 Be7 12.Rfe1 O-O 13.Na4 Ne4 14.Bxe7 
Qxe7 15.Qd3 Qb4 16.b3 Qe7 17.f3 Nf6 18.Rac1 Rfe8 19.Qe3 Nd7 20.Qf4 Nf8 21.
c4 Ng6 22.Qg3 Qf6 23.cxd5 Qxd4+ 24.Kh1 cxd5 25.Red1 Rac8 26.Qe1 Rxc1 27.
Rxc1 Nf4 28.Qg1 Qd2 29.Qf1 Qxa2 30.g3 Nh5 31.Qxa6 Qxb3 32.Rc8 Nf6 33.Qc6 
g6 34.Rxe8+ Nxe8 35.Qxe8+ Kg7 36.Nc5 Qxf3+ 37.Kg1 Qe3+ 38.Kg2 Qxc5 39.Qa4 
d4 40.Qa1 Qe5 41.Kh3 Qf5+ 42.Kg2 e5 43.h3 d3 44.g4 Qe4+ 45.Kg3 g5 46.Kf2 
Qe2+ 47.Kg3 d2 0-1

[Event "XVII Weekend C"]
[Site "Ceriano Laghetto ITA"]
[Date "2008.03.30"]
[Round "5"]
[White "Mondini, Francesco"]
[Black "Cerusico, Carlo"]
[Result "1/2-1/2"]
[WhiteElo "1448"]
[BlackElo "1385"]
[PlyCount "91"]
[EventDate "2008.03.28"]

1.e4 e6 2.d4 d5 3.e5 c5 4.c3 Nc6 5.Nf3 Qb6 6.Bd3 Bd7 7.Bc2 cxd4 8.cxd4 
Nge7 9.b3 Rc8 10.O-O Nb4 11.Bd3 Nxd3 12.Qxd3 Bb5 13.Qd1 Bxf1 14.Qxf1 Nf5 
15.Be3 Nxe3 16.fxe3 Be7 17.Nbd2 O-O 18.g3 Rc7 19.b4 a6 20.Nb3 f6 21.Qb1 
fxe5 22.Nxe5 Bg5 23.Qd3 Bf6 24.Ng4 Qb5 25.Qxb5 axb5 26.Nc5 Re7 27.Rf1 b6 
28.Nd3 Rc7 29.Nf4 Rc6 30.Nh5 Be7 31.Ra1 Rfc8 32.Ne5 Rc1+ 33.Rxc1 Rxc1+ 34.
Kf2 Rc3 35.Nf4 Bg5 36.Ned3 Bxf4 37.Nxf4 Kf7 38.Ke2 Ra3 39.Nd3 Rxa2+ 40.Kf3
Ra3 41.Ne5+ Ke7 42.g4 Ra1 43.h4 Rf1+ 44.Ke2 Rb1 45.Nd3 Rb3 46.Ne5 1/2-1/2

[Event "XVII Weekend C"]
[Site "Ceriano Laghetto ITA"]
[Date "2008.03.30"]
[Round "5"]
[White "Nava, Mario"]
[Black "Moroni, Luca jr"]
[Result "0-1"]
[WhiteElo "1368"]
[BlackElo "1461"]
[PlyCount "44"]
[EventDate "2008.03.28"]

1.Nf3 d5 2.d4 Bf5 3.Nc3 Nc6 4.a3 e6 5.e3 Bd6 6.Bd2 a6 7.Be2 Nf6 8.Nh4 Ne7 
9.Nxf5 Nxf5 10.Bd3 Ne7 11.Qf3 c5 12.b3 cxd4 13.exd4 O-O 14.Qh3 e5 15.dxe5 
Bxe5 16.O-O h6 17.Qh4 Ng6 18.Bxg6 fxg6 19.Rad1 g5 20.Qh3 g4 21.Qd3 d4 22.
Ne2 Re8 0-1

[Event "XVII Weekend C"]
[Site "Ceriano Laghetto ITA"]
[Date "2008.03.30"]
[Round "5"]
[White "Rossini, Luca"]
[Black "De Maio, Fabio"]
[Result "1-0"]
[WhiteElo "1560"]
[BlackElo "1344"]
[PlyCount "121"]
[EventDate "2008.03.28"]

1.d4 d5 2.c4 c6 3.Nc3 Nf6 4.Nf3 e6 5.Bg5 Be7 6.e3 Nbd7 7.Bd3 O-O 8.O-O 
dxc4 9.Bxc4 b5 10.Bd3 Bb7 11.Re1 a6 12.e4 Re8 13.a3 c5 14.e5 Nd5 15.Bxe7 
Nxc3 16.Bxh7+ Kh8 17.bxc3 Qxe7 18.Bc2 Red8 19.Qd3 Nf8 20.Re3 cxd4 21.Nxd4 
g6 22.Rh3+ Kg7 23.Qe3 g5 24.Rh5 Ng6 25.Rxg5 Rg8 26.f4 Kf8 27.f5 Nxe5 28.
Rxg8+ Kxg8 29.Qxe5 Qg5 30.Qg3 Qxg3 31.hxg3 e5 32.Ne2 f6 33.Rd1 Rf8 34.Bb3+
Kh8 35.Rd7 Bc8 36.Ra7 Bxf5 37.Rxa6 Bd3 38.Kf2 Rd8 39.Rxf6 e4 40.Re6 Kg7 
41.g4 Rd7 42.Nf4 Rd8 43.Nxd3 exd3 44.Rb6 d2 45.Ke2 Kh8 46.Rxb5 Rd7 47.a4 
Rg7 48.Rb4 Rd7 49.a5 Rd6 50.Ra4 Ra6 51.Kxd2 Kg7 52.c4 Kg6 53.c5 Kg5 54.Kc3
Kg6 55.Bc4 Ra7 56.a6 Kg5 57.Bd3 Kh4 58.Be2 Kg5 59.g3 Kf6 60.Rb4 Kg5 61.Rb7
1-0

[Event "XVII Weekend C"]
[Site "Ceriano Laghetto ITA"]
[Date "2008.03.30"]
[Round "5"]
[White "Ruggeri, Igor"]
[Black "Galimberti, Matteo"]
[Result "1/2-1/2"]
[WhiteElo "1366"]
[BlackElo "1506"]
[PlyCount "34"]
[EventDate "2008.03.28"]

1.d4 d5 2.c4 e6 3.Nc3 Nf6 4.e3 Be7 5.Nf3 Nbd7 6.cxd5 exd5 7.Bd3 O-O 8.O-O 
c5 9.b3 Nb6 10.h3 Be6 11.Qe2 Rc8 12.Bb2 c4 13.Bc2 Bb4 14.Rac1 Qe7 15.bxc4 
Nxc4 16.Bd3 Nxb2 17.Qxb2 Ba3 1/2-1/2

[Event "XVII Weekend C"]
[Site "Ceriano Laghetto ITA"]
[Date "2008.03.30"]
[Round "5"]
[White "Villa, Giorgio"]
[Black "Pensa, Lorenzo"]
[Result "1-0"]
[WhiteElo "1431"]
[BlackElo "1437"]
[PlyCount "108"]
[EventDate "2008.03.28"]

1.e4 e5 2.Nf3 Nc6 3.d3 d6 4.g3 Nge7 5.Nc3 g6 6.Bg2 Bg7 7.O-O O-O 8.Be3 Be6
9.Qd2 d5 10.Bh6 dxe4 11.Bxg7 Kxg7 12.dxe4 Qc8 13.Nd5 Nxd5 14.exd5 Bh3 15.
dxc6 bxc6 16.Nxe5 Bxg2 17.Kxg2 Qe6 18.Rfe1 Rad8 19.Qe3 Qd5+ 20.Qf3 Qxf3+ 
21.Kxf3 Rd6 22.Rad1 Rf6+ 23.Kg2 Re8 24.Nf3 Rxe1 25.Rxe1 c5 26.Re5 Rb6 27.
b3 Rb5 28.c4 Ra5 29.a4 f6 30.Re7+ Kf8 31.Rxh7 Ra6 32.Rxc7 Rd6 33.Rxc5 Rb6 
34.Rb5 Rd6 35.Rb7 Rd3 36.b4 a6 37.b5 axb5 38.axb5 Rc3 39.Rc7 Ke8 40.c5 Kd8
41.b6 Rb3 42.Nd4 Rb4 43.Ne6+ Ke8 44.b7 f5 45.c6 g5 46.Nc5 Kd8 47.Na6 Rb6 
48.Rh7 f4 49.b8=Q+ Rxb8 50.Nxb8 fxg3 51.hxg3 Kc8 52.Na6 g4 53.f3 gxf3+ 54.
Kxf3 Kd8 1-0

[Event "XVII Weekend C"]
[Site "Ceriano Laghetto ITA"]
[Date "2008.03.30"]
[Round "5"]
[White "Vuckovic, Dimitrije"]
[Black "Bertuolo, Sergio"]
[Result "0-1"]
[WhiteElo "1425"]
[BlackElo "1523"]
[PlyCount "49"]
[EventDate "2008.03.28"]

1.d4 Nf6 2.c4 g6 3.Nf3 d6 4.Nc3 Bg7 5.c5 O-O 6.h3 Nc6 7.Bg5 h6 8.Bh4 g5 9.
Bg3 Nh5 10.Bh2 e5 11.d5 Ne7 12.e4 a6 13.Nxg5 hxg5 14.Qxh5 Ng6 15.Qe2 Bf6 
16.g4 Nf4 17.Bxf4 exf4 18.Qf3 Kg7 19.Be2 Rh8 20.Qd3 Be5 21.Bf3 c6 22.Qc2 
Bd7 23.O-O-O a5 24.a3 dxc5 25.Kb1 0-1

[Event "XVII Weekend B"]
[Site "Ceriano Laghetto ITA"]
[Date "2008.03.28"]
[Round "1"]
[White "Acunzo, Domenico"]
[Black "Bernasconi, Roberto"]
[Result "0-1"]
[WhiteElo "1755"]
[BlackElo "1940"]
[PlyCount "72"]
[EventDate "2008.03.28"]

1.e4 e5 2.f4 exf4 3.Nf3 d6 4.d4 g5 5.h4 g4 6.Ng1 Bh6 7.Ne2 Qf6 8.Nbc3 c6 
9.Qd3 Na6 10.a3 Nc7 11.Bd2 Bd7 12.O-O-O O-O-O 13.Kb1 Ne7 14.e5 dxe5 15.Ne4
Qg6 16.h5 Qe6 17.dxe5 Ncd5 18.Nd6+ Kb8 19.Qb3 Bc8 20.Nd4 Qxe5 21.Nxc6+ 
Nxc6 22.Nxf7 Qf6 23.Nxh8 Qxh8 24.Be2 Nd4 25.Qc4 Nb6 26.Qb4 Nxe2 27.g3 Qf8 
28.Qe4 f3 29.Bxh6 Rxd1+ 30.Rxd1 Qxh6 31.Qe5+ Ka8 32.Rd6 Qc1+ 33.Ka2 Qxc2 
34.Rd8 Qc6 35.Qf5 Nxg3 36.Qxg4 f2 0-1